| 000 | 01183nam a2200253 i 4500 | ||
|---|---|---|---|
| 001 | 155176 | ||
| 003 | ES-MaACL | ||
| 005 | 20251015145632.0 | ||
| 008 | 971001s1856 fr |||| | fre d | ||
| 040 |
_aAR _bspa _cAR |
||
| 100 | 1 |
_aHefele, Karl Joseph von, _d1809-1893 _962309 |
|
| 245 | 1 | 3 |
_aLe cardinal Ximenes [de Cisneros] franciscani et la situation de l'Eglise en Espagne á la fin du XVe. et au commencement du XVIe. siecle _b: avec une dissertation our l'inquisition / _cpar Hefelé ; traduit par MM. Charles Sainte-Foi et P.-A de Bermond avec des notes des traducteurs. |
| 260 |
_aParis : _bLibr. de Mme. Ve. Poimelque-Rusand, _c1856 ( _eTours : _fImp. Mame) |
||
| 300 |
_aXVI, 588 p. ; _c21 cm. |
||
| 490 | 1 | _aBibliothèque franciscaine | |
| 600 | 1 | 4 |
_aJiménez de Cisneros, Francisco, _d1436-1517 _966495 |
| 650 | 4 |
_aInquisición- _zEspaña- _vHistoria. _913799 |
|
| 651 |
_aEspaña- _xHistoria- _y1474-1516, Reyes Católicos. _98222 |
||
| 700 | 1 |
_aSainte-Foi, Charles ( _d1806-1861) _9132301 |
|
| 700 | 1 |
_aBermond, P.A. de. _9125940 |
|
| 830 | 0 |
_aBibliothèque franciscaine _9221544 |
|
| 852 |
_aES-MaACL _jC-359 _z-- Enc. hol. |
||
| 999 |
_c155176 _d155176 |
||